000 01303nam a2200337Ia 4500
005 20220317001339.0
008 161108s2005 sp a g 000 0 spa
020 _a8424116801
100 1 _aAndersen, Hans Christian
_d1805-1875
245 1 3 _aEl compañero de viaje
_cHans Christian Andersen ; ilustrado por Elfriede y Eberhard Binder ; traducción de Ma. Victoria Martínez Vega
250 _a1a. edición
300 _a30 páginas
_bilustraciones en color
_c27 cm
490 _aCuentos de hadas
500 _aEdición especial Hans Christian Andersen, 200 años
534 _tThe traveling companion
650 1 4 _2LEMB
_aCuentos infantiles daneses
650 1 4 _2LEMB
_aLiteratura infantil danesa
_ySiglo XIX
650 1 4 _2LEMB
_aEncantamientos en la literatura
_ySiglo XIX
650 1 4 _2LEMB
_aViajes en la literatura
650 1 4 _2LEMB
_aPrincesas en la literatura
700 1 _aBinder, Elfriede
_eilustrador
_971043
700 1 _aBinder, Eberhard
_eilustrador
_971044
700 1 _aMartínez Vega, María Victoria
_etraductor
_971045
942 _2loc
_cBKINF
264 _aLeón
_bEverest
_c2005
336 _atexto
_btxt
_2rdacontent
337 _asin mediación
_bn
_2rdamedia
338 _avolumen
_bnc
_2rdacarrier
040 _aCO-BoRNBP
_bspa
_erda
_cCO-BoRNBP
084 _aC AND2
999 _c6687
_d6687